000 02405nam0a2200385 4500
001 RU\NLR\BIBL_A\022693429
005 20260420061824.0
010 _a978-5-908015-23-3
_9300
021 _aRU
_bКН-П-25-068915
_9КН-П-25-6675
035 _a(NLR Aleph) 022693429
090 _a13687415
_c13687415
100 _a20251223d2025 k y0rusy50 ca
101 0 _arus
_deng
102 _aRU
105 _aab||z|||100yy
181 0 _ai3
_baxxe
182 0 _an
200 1 _aОхрана природы и гражданская наука
_eматериалы III Всероссийской научно-практической фенологической конференции (9-12 сентября 2025 г., пгт. Никель)
_fМинистерство природных ресурсов и экологии Российской Федерации, Государственный природный заповедник "Пасвик" [и др.]
_gредакционная коллегия: А. А. Минин (отв. ред.) [и др.]
203 _aТекст
_bвизуальный
_cнепосредственный
210 _aМосква
_cТоварищество научных изданий КМК
_d2025
215 _a142 с.
_cил., карты, табл.
_d24
300 _aРез. англ.
320 _aБиблиогр. в конце ст.
606 1 _aОхрана природы
_jСъезды, совещания и т.п
_91142678
_3RU\NLR\AUTH\66136578
606 1 _aФенологические наблюдения
_jСъезды, совещания и т.п
_91345073
_3RU\NLR\AUTH\66246209
686 1 _aЕ081.237я431(2)
686 1 _aЕ088я431(2)
702 1 _aМинин
_bА. А.
_gАлександр Андреевич
_4340
711 1 2 _a"Охрана природы и гражданская наука", всероссийская научно-практическая фенологическая конференция
_d3
_eпгт. Никель, Мурманская обл.
_f2025
_92692381
_3RU\NLR\AUTH\880637240
712 0 2 _4557
_a"Пасвик", государственный природный заповедник
_cМурманская обл.
_9755302
_3RU\NLR\AUTH\8810129212
942 _cBOOK
980 _aNB